| 000 | 00492nam a2200169Ia 4500 | ||
|---|---|---|---|
| 005 | 20250923144252.0 | ||
| 008 | 008 250917s9999 xx 000 0 eng d | ||
| 037 | _aTextual | ||
| 040 |
_aDSWL _beng _cDSWL |
||
| 041 |
_aeng _2eng |
||
| 084 |
_aX:9p4:N47, H7 _qDSWL |
||
| 245 | 0 |
_aProgramme for action for the enforcement of social standards _cby ILO |
|
| 260 |
_aNew Delhi _b ILO _c1947 |
||
| 300 | _a106 p. | ||
| 942 |
_cTEXL _hX:9p4:N47, H7 |
||
| 999 |
_c1436819 _d1436819 |
||